| 000 | 00539nam a22001697a 4500 | ||
|---|---|---|---|
| 005 | 20231027095917.0 | ||
| 008 | 231027b |||||||| |||| 00| 0 eng d | ||
| 020 | _a0620151420 | ||
| 041 | _aEnglish | ||
| 082 | _a657 FRA | ||
| 100 |
_aFaris, VJ _lEnglish |
||
| 245 |
_aPractical Bookkeeping for Legal Practices in South Africa / _cVJ Faris |
||
| 260 |
_aPinetown : _bContinuing Legal Education Section, _c1990 |
||
| 300 |
_bxi, 257 pages ; _c26 cm. |
||
| 650 |
_aLegal practice _bLaw |
||
| 942 |
_cBK _6ALISON_BN_VRIES |
||
| 999 |
_c109 _d109 |
||